Miscelánea José Ma. Lacarra (Record no. 3626)

MARC details
000 -LEADER
campo de control de longitud fija 00530nam a2200157 i 4500
001 - NÚMERO DE CONTROL
campo de control 3626
003 - IDENTIFICADOR DE NÚMERO DE CONTROL
campo de control ES-MaACL
005 - FECHA Y HORA DE LA ÚLTIMA TRANSACCIÓN
campo de control 20230906144118.0
008 - DATOS DE LONGITUD FIJA--INFORMACIÓN GENERAL
campo de control de longitud fija 200204s1968 sp g ||||1| spa d
245 00 - MENCIÓN DEL TÍTULO
Título Miscelánea José Ma. Lacarra
Resto del título : estudios de historia moderna /
Mención de responsabilidad, etc. [Ángel San Vicente Pino ... (et al.)].
260 ## - PUBLICACIÓN, DISTRIBUCIÓN, ETC.
Lugar de publicación, distribución, etc. Zaragoza :
Nombre del editor, distribuidor, etc. Universidad de Zaragoza,
Fecha de publicación, distribución, etc. 1968.
300 ## - DESCRIPCIÓN FÍSICA
Extensión 154 p. ;
Dimensiones 24 cm.
600 14 - PUNTO DE ACCESO ADICIONAL DE MATERIA--NOMBRE DE PERSONA
Nombre de persona Lacarra, José María (
Fechas asociadas al nombre 1907-1987)
9 (RLIN) 69329
700 1# - ENTRADA AGREGADA--NOMBRE PERSONAL
Nombre de persona San Vicente, Angel.
9 (RLIN) 102312
852 ## - LOCALIZACIÓN
Ubicación ES-MaACL
Número de control de estantería P-1320-5
Holdings
Estatus retirado Estado de pérdida Estado de daño No para préstamo Biblioteca de origen Biblioteca actual Ubicación en estantería Fecha de adquisición Fuente de adquisición Total de préstamos Signatura topográfica completa Código de barras Visto por última vez Precio de reemplazo Tipo de ítem Koha
        Biblioteca del Ateneo de Madrid Biblioteca del Ateneo de Madrid Depósito 2 24/04/2005     P-1320-5 1201520 23/02/2023 23/02/2023 Libro impreso